000 00419nam a2200157Ia 4500
008 120821t2004 xxu||||| |||| 00| 0 sin d
041 _asin
080 _a8-31 (eng)
_bELO
245 _aඑලොවින් ආ බෝලය
246 _aElowin Aa Boolaya
260 _aKurulu Book Publishers
_aRajagiriya
_c2004
300 _b114p, 21 cm
942 _cBK
999 _c40947
_d40947
003 LK-CoDNM
040 _aLK-CoDNM
_dLK-CoDNM
_eLK-CoDNM